<?xml version="1.0" encoding="UTF-8"?>
<collection xmlns="http://www.loc.gov/MARC21/slim">
 <record>
  <leader>05316cam a2200937 c 4500</leader>
  <controlfield tag="001">122964934</controlfield>
  <controlfield tag="003">DE-627</controlfield>
  <controlfield tag="005">20260324133139.0</controlfield>
  <controlfield tag="007">tu</controlfield>
  <controlfield tag="008">930311s1992    fi ||||| m    00| ||ger c</controlfield>
  <datafield tag="016" ind1="7" ind2=" ">
   <subfield code="a">943528534</subfield>
   <subfield code="2">DE-101</subfield>
  </datafield>
  <datafield tag="020" ind1=" " ind2=" ">
   <subfield code="a">9516532454</subfield>
   <subfield code="9">951-653-245-4</subfield>
  </datafield>
  <datafield tag="035" ind1=" " ind2=" ">
   <subfield code="a">(DE-627)122964934</subfield>
  </datafield>
  <datafield tag="035" ind1=" " ind2=" ">
   <subfield code="a">(DE-603)024541788</subfield>
  </datafield>
  <datafield tag="035" ind1=" " ind2=" ">
   <subfield code="a">(DE-576)032394969</subfield>
  </datafield>
  <datafield tag="035" ind1=" " ind2=" ">
   <subfield code="a">(DE-599)GBV122964934</subfield>
  </datafield>
  <datafield tag="035" ind1=" " ind2=" ">
   <subfield code="a">(OCoLC)231481286</subfield>
  </datafield>
  <datafield tag="035" ind1=" " ind2=" ">
   <subfield code="a">(OCoLC)58036442</subfield>
  </datafield>
  <datafield tag="035" ind1=" " ind2=" ">
   <subfield code="a">(DE-604)8069518866</subfield>
  </datafield>
  <datafield tag="040" ind1=" " ind2=" ">
   <subfield code="a">DE-627</subfield>
   <subfield code="b">ger</subfield>
   <subfield code="c">DE-627</subfield>
   <subfield code="e">rakwb</subfield>
  </datafield>
  <datafield tag="041" ind1=" " ind2=" ">
   <subfield code="a">ger</subfield>
  </datafield>
  <datafield tag="044" ind1=" " ind2=" ">
   <subfield code="c">XA-FI</subfield>
  </datafield>
  <datafield tag="084" ind1=" " ind2=" ">
   <subfield code="a">46</subfield>
   <subfield code="a">32</subfield>
   <subfield code="2">sdnb</subfield>
  </datafield>
  <datafield tag="084" ind1=" " ind2=" ">
   <subfield code="a">9,10</subfield>
   <subfield code="2">ssgn</subfield>
  </datafield>
  <datafield tag="084" ind1=" " ind2=" ">
   <subfield code="a">WB 4185</subfield>
   <subfield code="2">rvk</subfield>
   <subfield code="0">(DE-625)rvk/148023:</subfield>
  </datafield>
  <datafield tag="084" ind1=" " ind2=" ">
   <subfield code="a">LH 84780</subfield>
   <subfield code="2">rvk</subfield>
   <subfield code="0">(DE-625)rvk/95335:</subfield>
  </datafield>
  <datafield tag="084" ind1=" " ind2=" ">
   <subfield code="a">LH 76430</subfield>
   <subfield code="2">rvk</subfield>
   <subfield code="0">(DE-625)rvk/94991:</subfield>
  </datafield>
  <datafield tag="084" ind1=" " ind2=" ">
   <subfield code="a">21.83</subfield>
   <subfield code="2">bkl</subfield>
  </datafield>
  <datafield tag="084" ind1=" " ind2=" ">
   <subfield code="a">42.40</subfield>
   <subfield code="2">bkl</subfield>
  </datafield>
  <datafield tag="084" ind1=" " ind2=" ">
   <subfield code="a">20.06</subfield>
   <subfield code="2">bkl</subfield>
  </datafield>
  <datafield tag="100" ind1="1" ind2=" ">
   <subfield code="a">Waenerberg, Annika</subfield>
   <subfield code="0">(DE-588)139390551X</subfield>
   <subfield code="0">(DE-627)1967046794</subfield>
   <subfield code="4">aut</subfield>
  </datafield>
  <datafield tag="245" ind1="1" ind2="0">
   <subfield code="a">Urpflanze und Ornament</subfield>
   <subfield code="b">pflanzenmorphologische Anregungen in der Kunsttheorie und Kunst von Goethe bis zum Jugendstil</subfield>
   <subfield code="c">Annika Waenerberg</subfield>
  </datafield>
  <datafield tag="264" ind1=" " ind2="1">
   <subfield code="a">Helsinki</subfield>
   <subfield code="b">Societas Scientiarum Fennica</subfield>
   <subfield code="c">1992</subfield>
  </datafield>
  <datafield tag="300" ind1=" " ind2=" ">
   <subfield code="a">270 S.</subfield>
   <subfield code="b">Ill.</subfield>
  </datafield>
  <datafield tag="336" ind1=" " ind2=" ">
   <subfield code="a">Text</subfield>
   <subfield code="b">txt</subfield>
   <subfield code="2">rdacontent</subfield>
  </datafield>
  <datafield tag="337" ind1=" " ind2=" ">
   <subfield code="a">ohne Hilfsmittel zu benutzen</subfield>
   <subfield code="b">n</subfield>
   <subfield code="2">rdamedia</subfield>
  </datafield>
  <datafield tag="338" ind1=" " ind2=" ">
   <subfield code="a">Band</subfield>
   <subfield code="b">nc</subfield>
   <subfield code="2">rdacarrier</subfield>
  </datafield>
  <datafield tag="490" ind1="1" ind2=" ">
   <subfield code="a">Commentationes humanarum litterarum</subfield>
   <subfield code="v">98</subfield>
  </datafield>
  <datafield tag="502" ind1=" " ind2=" ">
   <subfield code="a">Zugl.: @Diss</subfield>
  </datafield>
  <datafield tag="505" ind1="8" ind2=" ">
   <subfield code="a">Literaturverz. S. [226] - 249</subfield>
  </datafield>
  <datafield tag="583" ind1="1" ind2=" ">
   <subfield code="a">Archivierung/Langzeitarchivierung gewährleistet</subfield>
   <subfield code="f">SSG</subfield>
   <subfield code="x">XA-DE-BW</subfield>
   <subfield code="2">pdager</subfield>
   <subfield code="5">DE-16</subfield>
  </datafield>
  <datafield tag="583" ind1="1" ind2=" ">
   <subfield code="a">Archivierung prüfen</subfield>
   <subfield code="c">20240324</subfield>
   <subfield code="f">DE-4165</subfield>
   <subfield code="z">3</subfield>
   <subfield code="2">pdager</subfield>
  </datafield>
  <datafield tag="600" ind1="1" ind2="7">
   <subfield code="0">(DE-588)118540238</subfield>
   <subfield code="0">(DE-627)133416720</subfield>
   <subfield code="0">(DE-576)161142842</subfield>
   <subfield code="a">Goethe, Johann Wolfgang von</subfield>
   <subfield code="d">1749-1832</subfield>
   <subfield code="2">gnd</subfield>
  </datafield>
  <datafield tag="648" ind1=" " ind2="7">
   <subfield code="a">Geschichte</subfield>
   <subfield code="2">gnd</subfield>
  </datafield>
  <datafield tag="650" ind1="0" ind2="7">
   <subfield code="0">(DE-588)4049716-1</subfield>
   <subfield code="0">(DE-627)104675152</subfield>
   <subfield code="0">(DE-576)209083182</subfield>
   <subfield code="a">Rezeption</subfield>
   <subfield code="2">gnd</subfield>
  </datafield>
  <datafield tag="650" ind1="0" ind2="7">
   <subfield code="0">(DE-588)4045572-5</subfield>
   <subfield code="0">(DE-627)10470795X</subfield>
   <subfield code="0">(DE-576)209066016</subfield>
   <subfield code="a">Pflanzenmorphologie</subfield>
   <subfield code="2">gnd</subfield>
  </datafield>
  <datafield tag="650" ind1="0" ind2="7">
   <subfield code="0">(DE-588)4114333-4</subfield>
   <subfield code="0">(DE-627)105822957</subfield>
   <subfield code="0">(DE-576)209483733</subfield>
   <subfield code="a">Kunst</subfield>
   <subfield code="2">gnd</subfield>
  </datafield>
  <datafield tag="650" ind1="0" ind2="7">
   <subfield code="0">(DE-588)4462742-7</subfield>
   <subfield code="0">(DE-627)231106483</subfield>
   <subfield code="0">(DE-576)212690868</subfield>
   <subfield code="a">Urpflanze</subfield>
   <subfield code="2">gnd</subfield>
  </datafield>
  <datafield tag="650" ind1="0" ind2="7">
   <subfield code="0">(DE-588)4123940-4</subfield>
   <subfield code="0">(DE-627)105751421</subfield>
   <subfield code="0">(DE-576)20956394X</subfield>
   <subfield code="a">Pflanzendarstellung</subfield>
   <subfield code="2">gnd</subfield>
  </datafield>
  <datafield tag="650" ind1="0" ind2="7">
   <subfield code="0">(DE-588)4174069-5</subfield>
   <subfield code="0">(DE-627)105375179</subfield>
   <subfield code="0">(DE-576)209954612</subfield>
   <subfield code="a">Pflanzenornament</subfield>
   <subfield code="2">gnd</subfield>
  </datafield>
  <datafield tag="650" ind1="0" ind2="7">
   <subfield code="0">(DE-588)4000626-8</subfield>
   <subfield code="0">(DE-627)106400541</subfield>
   <subfield code="0">(DE-576)208838821</subfield>
   <subfield code="a">Ästhetik</subfield>
   <subfield code="2">gnd</subfield>
  </datafield>
  <datafield tag="650" ind1="0" ind2="7">
   <subfield code="0">(DE-588)4043886-7</subfield>
   <subfield code="0">(DE-627)106208160</subfield>
   <subfield code="0">(DE-576)209057734</subfield>
   <subfield code="a">Ornament</subfield>
   <subfield code="2">gnd</subfield>
  </datafield>
  <datafield tag="650" ind1="0" ind2="7">
   <subfield code="0">(DE-588)4007842-5</subfield>
   <subfield code="0">(DE-627)106371312</subfield>
   <subfield code="0">(DE-576)208872728</subfield>
   <subfield code="a">Botanik</subfield>
   <subfield code="2">gnd</subfield>
  </datafield>
  <datafield tag="651" ind1=" " ind2="7">
   <subfield code="0">(DE-588)4011882-4</subfield>
   <subfield code="0">(DE-627)104704861</subfield>
   <subfield code="0">(DE-576)208896155</subfield>
   <subfield code="a">Deutschland</subfield>
   <subfield code="2">gnd</subfield>
  </datafield>
  <datafield tag="655" ind1=" " ind2="7">
   <subfield code="a">Hochschulschrift</subfield>
   <subfield code="0">(DE-588)4113937-9</subfield>
   <subfield code="0">(DE-627)105825778</subfield>
   <subfield code="0">(DE-576)209480580</subfield>
   <subfield code="2">gnd-content</subfield>
  </datafield>
  <datafield tag="689" ind1="0" ind2="0">
   <subfield code="d">s</subfield>
   <subfield code="0">(DE-588)4174069-5</subfield>
   <subfield code="0">(DE-627)105375179</subfield>
   <subfield code="0">(DE-576)209954612</subfield>
   <subfield code="a">Pflanzenornament</subfield>
   <subfield code="2">gnd</subfield>
  </datafield>
  <datafield tag="689" ind1="0" ind2="1">
   <subfield code="a">z</subfield>
   <subfield code="2">gnd</subfield>
   <subfield code="a">Geschichte 1786-1905</subfield>
  </datafield>
  <datafield tag="689" ind1="0" ind2=" ">
   <subfield code="5">(DE-627)</subfield>
  </datafield>
  <datafield tag="710" ind1="2" ind2=" ">
   <subfield code="a">Suomen Tiedeseura</subfield>
   <subfield code="0">(DE-588)1010079-9</subfield>
   <subfield code="0">(DE-627)103165371</subfield>
   <subfield code="0">(DE-576)191187410</subfield>
   <subfield code="4">oth</subfield>
  </datafield>
  <datafield tag="787" ind1="0" ind2="8">
   <subfield code="i">Rezensiert in</subfield>
   <subfield code="a">Traeger, Jörg, 1942 - 2005</subfield>
   <subfield code="t">[Rezension von: Annika Waenerberg, Urpflanze und Ornament]</subfield>
   <subfield code="d">1997</subfield>
   <subfield code="w">(DE-627)1546986790</subfield>
   <subfield code="w">(DE-576)476986796</subfield>
  </datafield>
  <datafield tag="787" ind1="0" ind2="8">
   <subfield code="i">Rezensiert in</subfield>
   <subfield code="w">(DE-603)130931101</subfield>
  </datafield>
  <datafield tag="787" ind1="0" ind2="8">
   <subfield code="i">Rezensiert in</subfield>
   <subfield code="w">(DE-603)131026518</subfield>
  </datafield>
  <datafield tag="787" ind1="0" ind2="8">
   <subfield code="i">Rezensiert in</subfield>
   <subfield code="a">Traeger, Jörg</subfield>
   <subfield code="t">[Rezension von: Waenerberg, Annika, Urpflanze und Ornament, pflanzenmorpholog]</subfield>
   <subfield code="d">1994</subfield>
   <subfield code="w">(DE-627)340423587</subfield>
  </datafield>
  <datafield tag="787" ind1="0" ind2="8">
   <subfield code="i">Rezensiert in</subfield>
   <subfield code="a">Osterkamp, Ernst</subfield>
   <subfield code="t">[Rezension von: Waenerberg, Annika, Urpflanze und Ornament, pflanzenmorpholog]</subfield>
   <subfield code="d">1995</subfield>
   <subfield code="w">(DE-627)340468750</subfield>
  </datafield>
  <datafield tag="830" ind1=" " ind2="0">
   <subfield code="a">Commentationes humanarum litterarum</subfield>
   <subfield code="v">98</subfield>
   <subfield code="9">98</subfield>
   <subfield code="w">(DE-627)129534528</subfield>
   <subfield code="w">(DE-576)01496287X</subfield>
   <subfield code="w">(DE-600)215766-4</subfield>
   <subfield code="x">0069-6587</subfield>
   <subfield code="7">am</subfield>
  </datafield>
  <datafield tag="856" ind1="4" ind2="2">
   <subfield code="u">http://d-nb.info/943528534/04</subfield>
   <subfield code="m">V:DE-605</subfield>
   <subfield code="q">application/pdf</subfield>
   <subfield code="3">Inhaltsverzeichnis</subfield>
   <subfield code="7">1</subfield>
  </datafield>
  <datafield tag="856" ind1="4" ind2="2">
   <subfield code="u">http://scans.hebis.de/HEBCGI/show.pl?02454178_toc.pdf</subfield>
   <subfield code="m">V:DE-605</subfield>
   <subfield code="q">application/pdf</subfield>
   <subfield code="3">Inhaltsverzeichnis</subfield>
   <subfield code="7">1</subfield>
  </datafield>
  <datafield tag="889" ind1=" " ind2=" ">
   <subfield code="w">(DE-603)024541788</subfield>
  </datafield>
  <datafield tag="889" ind1=" " ind2=" ">
   <subfield code="w">(DE-627)273732587</subfield>
  </datafield>
  <datafield tag="935" ind1=" " ind2=" ">
   <subfield code="i">Blocktest</subfield>
  </datafield>
  <datafield tag="936" ind1="r" ind2="v">
   <subfield code="a">WB 4185</subfield>
   <subfield code="b">Biologie und Bildende Kunst. Ästhetik</subfield>
   <subfield code="k">Biologie</subfield>
   <subfield code="k">Bibliografien und Nachschlagewerke, Geschichte und Didaktik, Lehrbücher der Biologie</subfield>
   <subfield code="k">Biologie und andere Wissenschaften</subfield>
   <subfield code="k">Biologie und Bildende Kunst. Ästhetik</subfield>
   <subfield code="0">(DE-627)1271554755</subfield>
   <subfield code="0">(DE-625)rvk/148023:</subfield>
   <subfield code="0">(DE-576)201554755</subfield>
  </datafield>
  <datafield tag="936" ind1="r" ind2="v">
   <subfield code="a">LH 84780</subfield>
   <subfield code="b">Neuzeit</subfield>
   <subfield code="k">Kunstgeschichte</subfield>
   <subfield code="k">Allgemeines. Allgemeine Kunstgeschichte</subfield>
   <subfield code="k">Kunstgeschichte einzelner Gattungen der Kunst</subfield>
   <subfield code="k">Ikonographie, Ikonologie</subfield>
   <subfield code="k">Weltliche Ikonographie</subfield>
   <subfield code="k">Ikonographie der Pflanzen</subfield>
   <subfield code="k">Zeitlich begrenzte Darstellungen</subfield>
   <subfield code="k">Neuzeit</subfield>
   <subfield code="0">(DE-627)1270643827</subfield>
   <subfield code="0">(DE-625)rvk/95335:</subfield>
   <subfield code="0">(DE-576)200643827</subfield>
  </datafield>
  <datafield tag="936" ind1="r" ind2="v">
   <subfield code="a">LH 76430</subfield>
   <subfield code="b">19. Jahrhundert</subfield>
   <subfield code="k">Kunstgeschichte</subfield>
   <subfield code="k">Allgemeines. Allgemeine Kunstgeschichte</subfield>
   <subfield code="k">Kunstgeschichte einzelner Gattungen der Kunst</subfield>
   <subfield code="k">Ornament</subfield>
   <subfield code="k">Pflanzenornament</subfield>
   <subfield code="k">Ordnung nach Epochen</subfield>
   <subfield code="k">19. Jahrhundert</subfield>
   <subfield code="0">(DE-627)1271116251</subfield>
   <subfield code="0">(DE-625)rvk/94991:</subfield>
   <subfield code="0">(DE-576)201116251</subfield>
  </datafield>
  <datafield tag="936" ind1="b" ind2="k">
   <subfield code="a">21.83</subfield>
   <subfield code="j">Ornamentik</subfield>
   <subfield code="0">(DE-627)106405608</subfield>
  </datafield>
  <datafield tag="936" ind1="b" ind2="k">
   <subfield code="a">42.40</subfield>
   <subfield code="j">Pflanzencytologie</subfield>
   <subfield code="j">Pflanzenhistologie</subfield>
   <subfield code="j">Pflanzenmorphologie</subfield>
   <subfield code="0">(DE-627)106415891</subfield>
  </datafield>
  <datafield tag="936" ind1="b" ind2="k">
   <subfield code="a">20.06</subfield>
   <subfield code="j">Kunstphilosophie</subfield>
   <subfield code="j">Kunsttheorie</subfield>
   <subfield code="0">(DE-627)10641433X</subfield>
  </datafield>
  <datafield tag="951" ind1=" " ind2=" ">
   <subfield code="a">BO</subfield>
  </datafield>
  <datafield tag="990" ind1=" " ind2=" ">
   <subfield code="a">Pflanzenornament</subfield>
  </datafield>
  <datafield tag="990" ind1=" " ind2=" ">
   <subfield code="a">Geschichte 1786-1905</subfield>
  </datafield>
  <datafield tag="991" ind1=" " ind2=" ">
   <subfield code="a">Rezensiertes Werk</subfield>
  </datafield>
  <datafield tag="999" ind1=" " ind2=" ">
   <subfield code="a">KXP-PPN122964934</subfield>
   <subfield code="e">4004788285</subfield>
  </datafield>
 </record>
</collection>
